| 000 | 00585nam a2200181Ia 4500 | ||
|---|---|---|---|
| 008 | 151018s9999 xx 000 0 und d | ||
| 082 |
_bRBASDV40578 _a891.463 |
||
| 100 | _aमधु मंगेश कर्णिक | ||
| 245 | _aदरवळ | ||
| 250 | _b1 | ||
| 260 |
_bबांदोडकर पब्लिशिंग कंपनी मुंबई _c1984 |
||
| 300 | _a198 | ||
| 600 | _aमधु मंगेश कर्णिक | ||
| 630 | _aदरवळ | ||
| 700 | _aमधु मंगेश कर्णिक | ||
| 730 | _aदरवळ | ||
| 942 | _cBOOK | ||
| 999 |
_c1039857 _d1039854 |
||